000 00718nam a22002057a 4500
999 _c12021
_d12021
003 AR-CdUCM
008 190405b ||||| |||| 00| 0 spa d
040 _aMUNICIPALIDAD PROVINCIAL DEL CUSCO
_cBIBLIOTECA MUNICIPAL DEL CUSCO
082 _a373.943 /
_bL91 / 1929
100 _aLuzuriaga, Lorenzo
_96575
245 _aLas escuelas nuevas alemanes /
260 _aMadrid :
_bRevista pedagogía,
_c1929.
300 _a110 páginas ;
_c18 cm.
505 _aContenido : Bibliográfica -- Prologo -- Escuelas nuevas privadas -- Escuelas nuevas publicas ...
650 _aEscuelas privadas
_929673
650 _aEscuelas publicas
_92409
650 _aSociología
_9276
942 _2ddc
_cLIBROS
945 _arah
_d05/04/2019